| 000 | 00767cam1a220024100 4500 | ||
|---|---|---|---|
| 001 | tmp15799087 | ||
| 003 | UPRA | ||
| 005 | 20190822112059.0 | ||
| 007 | sdubmmennmpune | ||
| 008 | 951101s1977 nyu u | ||
| 028 | 0 | 2 |
_aNW 216 New World Records _bNW 216 New World Records |
| 035 | _a(Sirsi) r51341 | ||
| 035 | _a(UPRA)tmp15799087 | ||
| 040 | _cUPRA | ||
| 041 | 0 | _geng | |
| 245 | 0 | 0 |
_aMirage _h[sound recording] : _bavant-garde and third-stream jazz. |
| 260 |
_aNew York : _bNew World Records, _c1977. |
||
| 500 | _aNotes, 2 p., by Gunther Schuller inside sleeve. | ||
| 504 | _aNotes including discography and bibliography on rear of sleeve. | ||
| 650 | 0 |
_aJazz. _6S6235.1 |
|
| 949 |
_aM1630.18 _wlcc _i-65089 _mMAIN _tBOOK _lON-SHELF |
||
| 004 | 51341 | ||
| 999 |
_c132717 _d132717 |
||